BEDSIDE OBSTETRICS & GYNECOLOGY (Record no. 10821)

MARC details
000 -LEADER
fixed length control field 00350nam a22001577a 4500
003 - CONTROL NUMBER IDENTIFIER
control field SGT
020 ## - INTERNATIONAL STANDARD BOOK NUMBER
International Standard Book Number 978-93-5152-103-7
082 ## - DEWEY DECIMAL CLASSIFICATION NUMBER
Classification number 610.73678
Item number B14S
100 ## - MAIN ENTRY--PERSONAL NAME
Personal name SAXENA, RICHA
245 ## - TITLE STATEMENT
Title BEDSIDE OBSTETRICS & GYNECOLOGY
250 ## - EDITION STATEMENT
Edition statement 2ND
260 ## - PUBLICATION, DISTRIBUTION, ETC. (IMPRINT)
Place of publication, distribution, etc INDIA
Name of publisher, distributor, etc JAYPEE
Year of Publication 2014
300 ## - PAGE DESCRIPTION
No. of Pages 1158
650 ## - SUBJECT ADDED ENTRY--TOPICAL TERM
Topical term or geographic name as entry element OBSTETRIC
942 ## - ADDED ENTRY ELEMENTS (KOHA)
Source of classification or shelving scheme Dewey Decimal Classification
Koha item type Books
942 ## - ADDED ENTRY ELEMENTS (KOHA)
-- 3
Holdings
Withdrawn status Lost status Source of classification or shelving scheme Damaged status Not for loan Collection code Home library Current library Shelving location Date acquired Vendor Name Cost, normal purchase price SGTU Bill Number Total Checkouts Full call number Accession No. (Barcode) Date last seen Bill Date Koha item type Date last borrowed
    Dewey Decimal Classification     NURSING SGT Medical Library SGT Medical Library Text Book 08/02/2017 ABC 995.00 SGTU 7429   610.73678 B14S FN3232 08/02/2017 04/11/2016 Books  
    Dewey Decimal Classification     NURSING SGT Medical Library SGT Medical Library Text Book 08/02/2017 ABC 995.00 SGTU 7429 1 610.73678 B14S FN3233 29/07/2024 04/11/2016 Books 29/07/2024
    Dewey Decimal Classification     NURSING SGT Medical Library SGT Medical Library Text Book 08/02/2017 ABC 995.00 SGTU 7429 1 610.73678 B14S FN3234 09/01/2018 04/11/2016 Books 20/12/2017
    Dewey Decimal Classification     NURSING SGT Medical Library SGT Medical Library Text Book 08/02/2017 ABC 995.00 SGTU 7429 2 610.73678 B14S FN3235 08/08/2024 04/11/2016 Books 09/07/2024
    Dewey Decimal Classification     NURSING SGT Medical Library SGT Medical Library Text Book 08/02/2017 ABC 995.00 SGTU 7429 1 610.73678 B14S FN3236 20/12/2018 04/11/2016 Books 05/12/2018
    Dewey Decimal Classification     NURSING SGT Medical Library SGT Medical Library Text Book 08/02/2017 ABC 995.00 SGTU 7429   610.73678 B14S FN3237 08/02/2017 04/11/2016 Books  
    Dewey Decimal Classification     NURSING SGT Medical Library SGT Medical Library Text Book 08/02/2017 ABC 995.00 SGTU 7429 1 610.73678 B14S FN3238 11/12/2018 04/11/2016 Books 26/11/2018